Central Library OPAC University of Rajshahi

গঙ্গা-পদ্মা-পদ্মাবতী : (Record no. 38867)

MARC details
000 -LEADER
fixed length control field 00997nam a2200229 a 4500
001 - CONTROL NUMBER
control field 38867
003 - CONTROL NUMBER IDENTIFIER
rucl marc code BD-RjUL
005 - DATE AND TIME OF LATEST TRANSACTION
control field 20211209052856.0
008 - FIXED-LENGTH DATA ELEMENTS--GENERAL INFORMATION
fixed length control field 160425s2014 bg a|||e |||| 000 0 ben d
020 ## - INTERNATIONAL STANDARD BOOK NUMBER
International Standard Book Number 9789840416400
Terms of availability : Tk.560.00
035 ## - SYSTEM CONTROL NUMBER
System control number (BD-RjUL)38977
040 ## - CATALOGING SOURCE
Original cataloging agency BD-RjUL
Language of cataloging ben
Transcribing agency BD-RjUL
041 ## - LANGUAGE CODE
Language code of text/sound track or separate title ben
082 ## - DEWEY DECIMAL CLASSIFICATION NUMBER
Edition number 23
Author mark and year SIG 2014
Classification number 891.444
100 ## - MAIN ENTRY--PERSONAL NAME
Personal name সিদ্দিকী, মাহাবুব
9 (RLIN) 119877
245 ## - TITLE STATEMENT
Title গঙ্গা-পদ্মা-পদ্মাবতী :
Remainder of title পৃথিবীর প্রাচীনতম প্রবাহের ভৌগোলিক বর্ণনাসহ সামাজিক ইতিহাস /
Statement of responsibility, etc. মাহাবুব সিদ্দিকী
260 ## - PUBLICATION, DISTRIBUTION, ETC. (IMPRINT)
Place of publication, distribution, etc. ঢাকা :
Name of publisher, distributor, etc. আগামী প্রকাশনী,
Date of publication, distribution, etc. ২০১৪
300 ## - PHYSICAL DESCRIPTION
Pagination ৩৬০ পৃ. :
Illustrations চিত্র ;
Size ২২ সেমি.
650 ## - SUBJECT ADDED ENTRY--TOPICAL TERM
Topical term or geographic name as entry element বাংলা প্রবন্ধ
9 (RLIN) 123857
Topical term or geographic name as entry element Bengali Essays
9 (RLIN) 123858
942 ## - ADDED ENTRY ELEMENTS (KOHA)
Source of classification or shelving scheme Dewey Decimal Classification
Koha item type Books
Holdings
Lost status Source of classification or shelving scheme Damaged status Not for loan Collection code Permanent Location Current Location Shelving location Date acquired Source of acquisition Cost, normal purchase price Total Checkouts Full call number Date last seen Copy number Koha item type Date checked out
  Dewey Decimal Classification   Not For Loan Non-fiction Central Library, University of Rajshahi Central Library, University of Rajshahi Reading Room 14/10/2014 Haritage Rajshahi 560.00   B 891.444 SIG 2014 19/03/2016 C-1 Books  
  Dewey Decimal Classification     Non-fiction Central Library, University of Rajshahi Central Library, University of Rajshahi   14/10/2014 Haritage Rajshahi 560.00 2 B 891.444 SIG 2014 29/06/2022 C-2 Books 16/06/2022